000 01566nam0a2200349 4500
001 RU\NLR\bibl\1183187
005 20260405150220.0
010 _a978-5-9684-0732-0
_93500
021 _aRU
_b2007-85377
_94605
035 _a(nilc)RSL-KNO-003367926
035 _a(NLR Aleph) 001169777
090 _a1589982
_c1589982
100 _a20071205d2007 |||y0rusy50 ca
101 0 _arus
102 _aRU
105 _aa zzzz|||||
200 1 _aПилатес
_eсамоучитель
_fИрина Смирнова
210 _aСанкт-Петербург
_cНевский проспект
_cВектор
_d2007
215 _a121 с.
_cил., табл.
_d21
225 1 _aЧерез движение - к совершенству
606 1 _aПилатес
_jУчебные издания для самообразования
_92144423
_3RU\NLR\auth\661596741
610 0 _aКультура. Наука. Просвещение -- Физическая культура и спорт -- Гимнастика -- Вспомогательная гимнастика -- Спортивно-вспомогательная гимнастика -- Практическое руководство
686 _aЧ516.71,07
_2rubbk
686 _aЧ516.504я7
700 1 _4070
_8rus
_7ca
_aСмирнова
_bИ. В.
_cтренер
_gИрина Владимировна
_3RU\NLR\AUTH\7761565
_944495
801 0 _aRU
_bРКП
_c20071205
_grcr
801 1 _aRU
_bРГБ
_c20071205
801 2 _aRU
_bNLR
_c20080202
_grcr
942 _cBOOK
980 _aNB